01012 2200181 4500245003800000020001800038250001200056100001800068700001800086650004300104005001900147260004200166041001400208084000800222300002200230500056900252336000900821 aSang AlkemiscCoelho, PaulohText a9786020656069 aCet. 33 aCoelho, Paulo aTanti Lesmana aFiksi Inggris (dalam Bahasa Indonesia) a20240422113522 aJakartabGramedia Pustaka Utamac2022 aIndonesia a823 a224 hlm. :c20 cm aSetiap beberapa puluh tahun, muncul sebuah buku yang mengubah hidup para pembacanya selamanya. Novel Paulo Coelho yang memikat ini telah memberikan inspirasi bagi jutaan orang di seluruh dunia. Kisah yang sangat sederhana, namun menyimpan kebijaksanaan penuh makna, tentang anak gembala bernama Santiago yang berkelana dari rumahnya di Spanyol ke padang pasir Mesir untuk mencari harta karun terpendam di piramida-piramida. Di perjalanan dia bertemu seorang perempuan Gipsi, seorang alkemis-semuanya menunjukkan jalan kepada Santiago untuk menunjuk harta karunnya. atext